000 00973cam a2200313 4500
001 1252331
003 OSt
005 20250901165747.0
008 740613s1974 nyuc 001 0 eng
010 _a 73022334
020 _a067121781X
040 _aDLC
_cDLC
_dDLC
043 _an-us---
_an-us-dc
050 0 0 _aE 860 .B47 1974
_b.B47
082 0 0 _a364.1/32/0973
100 1 _aBernstein, Carl,
_d1944-
245 1 0 _aAll the President's men
_c[by] Carl Bernstein [and] Bob Woodward.
260 _aNew York,
_bSimon and Schuster
_c[1974]
300 _a349 p.
_bports.
_c24 cm.
350 _a$8.95
500 _a"Portions of this book have appeared in Playboy magazine."
600 1 0 _aBernstein, Carl,
_d1944-
600 1 0 _aWoodward, Bob,
_d1943-
630 0 0 _aWashington post, times herald.
650 0 _aWatergate Affair, 1972-1974.
700 1 _aWoodward, Bob,
_d1943-
_ejoint author.
906 _a7
_bcbc
_corignew
_d1
_eocip
_f19
_gy-gencatlg
942 _2lcc
_cBK
999 _c8870
_d8870